00710 a2200193 4500999001900000005001700019010001500036020003100051035001400082037001300096082001800109100001800127245007400145260004400219270006800263300002600331942003400357952012500391 c183192d18319220211220124706.0 aENG-130420 a978-81-952858-4-6c1080.00 aEN-113952 bDBAD/PUB a335.033054b1 aChadha, Vivek aCDS AND BEYOND:cVivek ChadhabIntegration of the Indian Armed Forces aNew DelhibKW Publishers Pvt Ltd.c2021 a4676/21, First Floor, Ansari Road, DaryaganjbNew Delhie110002 avii,170p.c21cm (hbk) adplcEN2ddch355.033054mCHA 001040708NFICaMbMd2021-12-20eDBAD/PUBg1080.00l0o355.033054 CHApEN-113952r2021-12-20 00:00:00t1v1080.00yEN